Engineering Mathematics (Record no. 2635)

MARC details
000 -LEADER
fixed length control field 00547nam a22002057a 4500
003 - CONTROL NUMBER IDENTIFIER
control field OSt
005 - DATE AND TIME OF LATEST TRANSACTION
control field 20250917020002.0
008 - FIXED-LENGTH DATA ELEMENTS--GENERAL INFORMATION
fixed length control field 151120b xxu||||| |||| 00| 0 eng d
020 ## - INTERNATIONAL STANDARD BOOK NUMBER
International Standard Book Number 9781137031204
040 ## - CATALOGING SOURCE
Transcribing agency DNLM
082 ## - DEWEY DECIMAL CLASSIFICATION NUMBER
Classification number 621.11 STR 2013
100 ## - MAIN ENTRY--PERSONAL NAME
Personal name Stroud, K.A; Booth, Dexter J.
9 (RLIN) 6242
245 ## - TITLE STATEMENT
Title Engineering Mathematics
250 ## - EDITION STATEMENT
Edition statement 7th ed.
260 ## - PUBLICATION, DISTRIBUTION, ETC. (IMPRINT)
Place of publication, distribution, etc. London;
Name of publisher, distributor, etc. Palgrave,
Date of publication, distribution, etc. 2013
300 ## - PHYSICAL DESCRIPTION
Extent xxvii,1155p;ill: 28cm
504 ## - BIBLIOGRAPHY, ETC. NOTE
Bibliography, etc Answers, & index included
650 ## - SUBJECT ADDED ENTRY--TOPICAL TERM
Topical term or geographic name as entry element Engineering mathematics
9 (RLIN) 4174
942 ## - ADDED ENTRY ELEMENTS (KOHA)
Source of classification or shelving scheme Other/Generic Classification Scheme
Koha item type Open Shelf
Koha issues (borrowed), all copies 1
Holdings
Withdrawn status Lost status Source of classification or shelving scheme Damaged status Not for loan Home library Current library Date acquired Source of acquisition Inventory number Total Checkouts Full call number Barcode Date last seen Koha item type Date last checked out
    Dewey Decimal Classification     MUST Main Library MUST Main Library 20/11/2015   15/39404   621.11 STR 2013 2015-2701 20/11/2015 Open Shelf  
    Dewey Decimal Classification     Main Kihumuro Campus MUST Main Library 23/11/2017 Purchase 17/40258 2 621.11 STR 2013 2017-0885 19/09/2025 Book Bank 16/09/2025
    Dewey Decimal Classification     MUST Main Library MUST Main Library 23/11/2017   17/40260   621.11 STR 2013 2017-0887 23/11/2017 Short Loan  
    Dewey Decimal Classification     Main Kihumuro Campus Main Kihumuro Campus 23/11/2017   17/40259   621.11 STR 2013 2017-0886 23/11/2017 Short Loan